[Event "EYCC 2024 - O10"]
[Site "?"]
[Date "2024.08.22"]
[Round "1.1"]
[White "Llari, Marc"]
[Black "Shabunin, Oleksandr"]
[Result "1-0"]
[BlackElo "1656"]
[WhiteElo "2224"]
[LiveChessVersion "1.4.8"]

1. e4 {[%clk 1:30:59]} c5 {[%clk 1:30:44]} 2. Nf3 {[%clk 1:31:25]} Nc6
{[%clk 1:31:02]} 3. d4 {[%clk 1:31:50]} cxd4 {[%clk 1:31:03]} 4. Nxd4
{[%clk 1:32:14]} g6 {[%clk 1:31:07]} 5. c4 {[%clk 1:32:35]} Bg7 {[%clk 1:31:10]}
6. Be3 {[%clk 1:32:57]} Nf6 {[%clk 1:29:50]} 7. Nc3 {[%clk 1:33:21]} O-O
{[%clk 1:29:07]} 8. Be2 {[%clk 1:33:40]} d6 {[%clk 1:28:07]} 9. O-O
{[%clk 1:33:52]} Nd7 {[%clk 1:21:39]} 10. Kh1 {[%clk 1:29:29]} Nxd4
{[%clk 1:13:07]} 11. Bxd4 {[%clk 1:29:52]} Nb6 {[%clk 1:07:29]} 12. Bxg7
{[%clk 1:27:28]} Kxg7 {[%clk 1:06:41]} 13. Qd4+ {[%clk 1:26:38]} f6
{[%clk 1:04:59]} 14. Rad1 {[%clk 1:24:50]} Qc7 {[%clk 1:02:26]} 15. Nd5
{[%clk 1:24:46]} Nxd5 {[%clk 1:02:29]} 16. exd5 {[%clk 1:25:11]} b6
{[%clk 1:00:22]} 17. Rd3 {[%clk 1:24:28]} Qc5 {[%clk 0:58:18]} 18. Qf4
{[%clk 1:23:50]} Ba6 {[%clk 0:56:44]} 19. Rh3 {[%clk 1:22:53]} Rh8
{[%clk 0:52:26]} 20. a4 {[%clk 1:21:04]} Bc8 {[%clk 0:47:42]} 21. Qh6+
{[%clk 1:20:46]} Kf7 {[%clk 0:47:37]} 22. Re3 {[%clk 1:20:43]} Qc7
{[%clk 0:43:27]} 23. Bd3 {[%clk 1:19:44]} Ba6 {[%clk 0:34:28]} 24. Rfe1
{[%clk 1:19:53]} Rae8 {[%clk 0:34:25]} 25. b3 {[%clk 1:20:03]} Bc8
{[%clk 0:30:07]} 26. h4 {[%clk 1:18:57]} f5 {[%clk 0:23:03]} 27. Kg1
{[%clk 1:18:04]} a6 {[%clk 0:20:59]} 28. h5 {[%clk 1:17:56]} Qd8 {[%clk 0:18:37]}
29. hxg6+ {[%clk 1:16:28]} hxg6 {[%clk 0:18:23]} 30. Rxe7+ {[%clk 1:16:29]} Rxe7
{[%clk 0:17:55]} 31. Rxe7+ {[%clk 1:16:53]} Qxe7 {[%clk 0:18:14]} 32. Qxh8
{[%clk 1:17:17]} Qe1+ {[%clk 0:18:25]} 33. Bf1 {[%clk 1:17:28]} Qe8
{[%clk 0:16:10]} 34. Qh7+ {[%clk 1:17:43]} Kf6 {[%clk 0:16:22]} 35. Qc7
{[%clk 1:18:07]} Qd7 {[%clk 0:14:24]} 36. Qxb6 {[%clk 1:17:33]} Kf7
{[%clk 0:14:34]} 37. a5 {[%clk 1:17:35]} Ke8 {[%clk 0:10:40]} 38. b4
{[%clk 1:17:46]} Qd8 {[%clk 0:10:27]} 39. Qxd8+ {[%clk 1:18:07]} Kxd8
{[%clk 0:10:47]} 40. f4 {[%clk 1:18:34]} Bb7 {[%clk 0:10:22]} 41. Kf2
{[%clk 1:18:56]} Ke7 {[%clk 0:10:42]} 42. Ke3 {[%clk 1:19:20]} Kd8
{[%clk 0:10:26]} 43. Kd4 {[%clk 1:19:43]} Kc7 {[%clk 0:08:20]} 44. b5
{[%clk 1:19:40]} Bc8 {[%clk 0:06:35]} 45. Bd3 {[%clk 1:18:36]} Kb8
{[%clk 0:04:31]} 46. b6 {[%clk 1:18:43]} Bb7 {[%clk 0:04:25]} 47. c5
{[%clk 1:19:06]} dxc5+ {[%clk 0:04:12]} 48. Kxc5 {[%clk 1:19:30]} Bc8
{[%clk 0:04:12]} 49. Kd6 {[%clk 1:19:50]} Bb7 {[%clk 0:04:23]} 50. Bc4
{[%clk 1:20:14]} Kc8 {[%clk 0:04:08]} 51. Ke7 {[%clk 1:20:39]} Kb8
{[%clk 0:03:26]} 52. d6 {[%clk 1:21:02]} Bc6 {[%clk 0:03:19]} 53. Bxa6
{[%clk 1:21:25]} 1-0

[Event "EYCC 2024 - O10"]
[Site "?"]
[Date "2024.08.22"]
[Round "1.2"]
[White "Srnak, Martin"]
[Black "Orman, Attila"]
[Result "0-1"]
[BlackElo "2090"]
[WhiteElo "1655"]
[LiveChessVersion "1.4.8"]

1. d4 {[%clk 1:30:57]} Nf6 {[%clk 1:31:00]} 2. c4 {[%clk 1:31:14]} g6
{[%clk 1:31:28]} 3. Nc3 {[%clk 1:31:22]} Bg7 {[%clk 1:31:29]} 4. e4
{[%clk 1:31:41]} d6 {[%clk 1:31:55]} 5. Nf3 {[%clk 1:32:04]} O-O {[%clk 1:32:18]}
6. Be2 {[%clk 1:32:26]} e5 {[%clk 1:32:37]} 7. dxe5 {[%clk 1:32:49]} dxe5
{[%clk 1:32:59]} 8. Qxd8 {[%clk 1:33:05]} Rxd8 {[%clk 1:33:19]} 9. Bg5
{[%clk 1:33:22]} Re8 {[%clk 1:33:15]} 10. Nd5 {[%clk 1:33:44]} Nxd5
{[%clk 1:33:30]} 11. cxd5 {[%clk 1:34:05]} f5 {[%clk 1:33:01]} 12. exf5
{[%clk 1:29:47]} Bxf5 {[%clk 1:22:21]} 13. Nd2 {[%clk 1:26:21]} h6
{[%clk 1:12:36]} 14. Bh4 {[%clk 1:26:21]} g5 {[%clk 1:12:49]} 15. Bg3
{[%clk 1:26:28]} Nd7 {[%clk 1:12:53]} 16. Rc1 {[%clk 1:25:25]} Rac8
{[%clk 1:11:54]} 17. h4 {[%clk 1:24:33]} g4 {[%clk 1:11:29]} 18. Nc4
{[%clk 1:24:30]} Nf6 {[%clk 1:09:37]} 19. d6 {[%clk 1:22:49]} cxd6
{[%clk 1:09:22]} 20. Rd1 {[%clk 1:22:16]} Bf8 {[%clk 1:08:10]} 21. Nxd6
{[%clk 1:21:38]} Bxd6 {[%clk 1:08:05]} 22. Rxd6 {[%clk 1:21:48]} Ne4
{[%clk 1:08:09]} 23. Rd1 {[%clk 1:21:51]} Rc2 {[%clk 1:00:36]} 24. Rb1
{[%clk 1:12:37]} Rec8 {[%clk 0:59:49]} 25. Bxe5 {[%clk 1:09:42]} Rc1+
{[%clk 0:59:34]} 26. Rxc1 {[%clk 1:07:55]} Rxc1+ {[%clk 0:59:20]} 27. Bd1
{[%clk 1:08:13]} Rxd1+ {[%clk 0:59:43]} 28. Kxd1 {[%clk 1:08:00]} Nxf2+
{[%clk 1:00:02]} 29. Ke1 {[%clk 1:08:21]} Nxh1 {[%clk 1:00:27]} 30. Kf1
{[%clk 1:08:32]} g3 {[%clk 1:00:50]} 31. Bd4 {[%clk 1:07:51]} Nf2
{[%clk 1:00:26]} 32. Bxf2 {[%clk 1:08:12]} gxf2 {[%clk 1:00:50]} 33. Kxf2
{[%clk 1:08:35]} h5 {[%clk 1:01:17]} 34. Ke3 {[%clk 1:08:56]} Kf7
{[%clk 1:01:41]} 35. b4 {[%clk 1:08:46]} Ke6 {[%clk 1:01:39]} 36. Kd4
{[%clk 1:08:39]} Kd6 {[%clk 1:01:56]} 37. g3 {[%clk 1:08:08]} b5 {[%clk 1:01:23]}
38. a3 {[%clk 1:07:36]} a6 {[%clk 1:01:45]} 39. Kc3 {[%clk 1:07:11]} Kd5
{[%clk 1:00:41]} 0-1

[Event "EYCC 2024 - O10"]
[Site "?"]
[Date "2024.08.22"]
[Round "1.3"]
[White "Andre, Tomas"]
[Black "Melkonyan, Davit"]
[Result "1/2-1/2"]
[BlackElo "1655"]
[WhiteElo "2051"]
[LiveChessVersion "1.4.8"]

1. e4 {[%clk 1:30:46]} e5 {[%clk 1:30:46]} 2. Nc3 {[%clk 1:30:59]} Nc6
{[%clk 1:30:08]} 3. Bc4 {[%clk 1:30:44]} Nf6 {[%clk 1:26:36]} 4. d3
{[%clk 1:30:25]} Bc5 {[%clk 1:22:36]} 5. f4 {[%clk 1:30:05]} d6 {[%clk 1:18:20]}
6. f5 {[%clk 1:29:46]} h6 {[%clk 1:12:14]} 7. a3 {[%clk 1:21:53]} a5
{[%clk 1:11:12]} 8. h3 {[%clk 1:20:47]} Nd4 {[%clk 0:54:09]} 9. g4
{[%clk 1:14:53]} Bd7 {[%clk 0:48:32]} 10. a4 {[%clk 1:11:45]} Nh5
{[%clk 0:31:43]} 11. h4 {[%clk 1:02:29]} Nf4 {[%clk 0:27:37]} 12. Bxf4
{[%clk 1:02:12]} exf4 {[%clk 0:28:04]} 13. Nd5 {[%clk 1:01:51]} Nc6
{[%clk 0:26:04]} 14. Nf3 {[%clk 0:59:11]} Ne5 {[%clk 0:24:35]} 15. Nxe5
{[%clk 0:58:16]} dxe5 {[%clk 0:24:35]} 16. Qf3 {[%clk 0:56:40]} c6
{[%clk 0:23:22]} 17. Nc3 {[%clk 0:56:31]} Qb6 {[%clk 0:20:36]} 18. O-O-O
{[%clk 0:53:07]} Be3+ {[%clk 0:18:27]} 19. Kb1 {[%clk 0:52:53]} Bd4
{[%clk 0:18:40]} 20. Bb3 {[%clk 0:53:17]} O-O-O {[%clk 0:17:06]} 21. Ne2
{[%clk 0:51:53]} c5 {[%clk 0:16:06]} 22. Nxd4 {[%clk 0:49:26]} cxd4
{[%clk 0:16:10]} 23. g5 {[%clk 0:49:40]} Be8 {[%clk 0:12:33]} 24. Ka2
{[%clk 0:47:52]} Kb8 {[%clk 0:12:33]} 25. gxh6 {[%clk 0:45:50]} Rxh6
{[%clk 0:12:18]} 26. Qg4 {[%clk 0:45:30]} Qf6 {[%clk 0:11:25]} 27. Qg5
{[%clk 0:43:49]} Rd6 {[%clk 0:10:12]} 28. Rdg1 {[%clk 0:44:08]} Rh7
{[%clk 0:09:52]} 29. Qg2 {[%clk 0:40:52]} g6 {[%clk 0:09:44]} 30. fxg6
{[%clk 0:40:52]} fxg6 {[%clk 0:10:04]} 31. Qg5 {[%clk 0:40:34]} Rh5
{[%clk 0:09:31]} 32. Qxf6 {[%clk 0:39:12]} Rxf6 {[%clk 0:09:58]} 33. c3
{[%clk 0:38:12]} Rd6 {[%clk 0:09:32]} 34. Bc2 {[%clk 0:35:05]} dxc3 1/2-1/2

[Event "EYCC 2024 - O10"]
[Site "?"]
[Date "2024.08.22"]
[Round "1.4"]
[White "Pasca, Alexandru-Daniel"]
[Black "Uzdemir, Ali Poyraz"]
[Result "0-1"]
[BlackElo "2008"]
[WhiteElo "1654"]
[LiveChessVersion "1.4.8"]

1. e4 {[%clk 1:30:59]} c5 {[%clk 1:30:51]} 2. c3 {[%clk 1:31:22]} Nf6
{[%clk 1:31:05]} 3. e5 {[%clk 1:31:45]} Nd5 {[%clk 1:31:29]} 4. d4
{[%clk 1:31:59]} cxd4 {[%clk 1:31:25]} 5. Nf3 {[%clk 1:32:15]} d6
{[%clk 1:28:41]} 6. cxd4 {[%clk 1:32:15]} dxe5 {[%clk 1:28:26]} 7. Nxe5
{[%clk 1:30:58]} e6 {[%clk 1:27:53]} 8. a3 {[%clk 1:30:40]} Bd6 {[%clk 1:25:34]}
9. Bd3 {[%clk 1:23:56]} Nd7 {[%clk 1:19:39]} 10. Nxd7 {[%clk 1:20:53]} Bxd7
{[%clk 1:19:37]} 11. Nc3 {[%clk 1:17:52]} Nf6 {[%clk 1:03:53]} 12. Bc2
{[%clk 1:16:20]} Bc6 {[%clk 1:03:16]} 13. O-O {[%clk 1:16:45]} Qc7
{[%clk 1:01:02]} 14. h3 {[%clk 1:14:15]} Rd8 {[%clk 0:57:14]} 15. Re1
{[%clk 1:01:15]} b5 {[%clk 0:54:12]} 16. Qe2 {[%clk 0:54:15]} Qb7
{[%clk 0:53:15]} 17. Ne4 {[%clk 0:49:55]} Nxe4 {[%clk 0:51:51]} 18. Bxe4
{[%clk 0:50:15]} O-O {[%clk 0:50:50]} 19. Bg5 {[%clk 0:50:11]} Rc8
{[%clk 0:42:56]} 20. Rad1 {[%clk 0:44:52]} Bxe4 {[%clk 0:42:12]} 21. Qxe4
{[%clk 0:45:14]} Qxe4 {[%clk 0:42:33]} 22. Rxe4 {[%clk 0:45:20]} Rc2
{[%clk 0:42:48]} 23. b4 {[%clk 0:44:50]} Rfc8 {[%clk 0:42:49]} 24. d5
{[%clk 0:39:58]} e5 {[%clk 0:39:11]} 25. Ree1 {[%clk 0:39:06]} f5
{[%clk 0:38:35]} 26. Rc1 {[%clk 0:37:48]} f4 {[%clk 0:36:35]} 27. Rxc2
{[%clk 0:30:49]} Rxc2 {[%clk 0:36:58]} 28. g3 {[%clk 0:30:15]} h6
{[%clk 0:32:20]} 29. Bd8 {[%clk 0:22:07]} Rc8 {[%clk 0:31:23]} 30. Ba5
{[%clk 0:21:48]} g5 {[%clk 0:31:08]} 31. gxf4 {[%clk 0:19:09]} gxf4
{[%clk 0:31:30]} 32. Kg2 {[%clk 0:17:41]} Kf7 {[%clk 0:30:17]} 33. Re2
{[%clk 0:13:16]} Kf6 {[%clk 0:29:57]} 34. f3 {[%clk 0:12:48]} Kf5
{[%clk 0:27:54]} 35. Kf2 {[%clk 0:11:45]} Rc3 {[%clk 0:26:46]} 36. h4
{[%clk 0:10:32]} Rd3 {[%clk 0:26:13]} 37. Rc2 {[%clk 0:09:15]} Rxd5
{[%clk 0:26:34]} 38. Rc6 {[%clk 0:06:53]} h5 {[%clk 0:22:38]} 39. Ra6 Rd2+
{[%clk 0:21:39]} 40. Ke1 {[%clk 0:06:26]} Rd3 {[%clk 0:21:43]} 41. Ke2
{[%clk 0:06:22]} Re3+ {[%clk 0:22:06]} 42. Kf2 {[%clk 0:06:16]} Be7
{[%clk 0:22:14]} 43. Rh6 {[%clk 0:04:34]} Bxh4+ {[%clk 0:22:03]} 44. Kg2
{[%clk 0:04:47]} Bf6 {[%clk 0:20:07]} 45. Rxh5+ {[%clk 0:04:46]} Kg6
{[%clk 0:20:31]} 46. Rh1 {[%clk 0:03:28]} Re2+ {[%clk 0:20:27]} 47. Kh3
{[%clk 0:02:54]} Rf2 {[%clk 0:20:36]} 48. Re1 {[%clk 0:01:58]} Rxf3+
{[%clk 0:21:01]} 49. Kg2 {[%clk 0:02:17]} Rxa3 {[%clk 0:21:25]} 50. Rf1
{[%clk 0:02:23]} Kf5 {[%clk 0:21:47]} 0-1

[Event "EYCC 2024 - O10"]
[Site "?"]
[Date "2024.08.22"]
[Round "1.5"]
[White "Ivanovic, Leonid"]
[Black "Koseoglu, Eymen Isa"]
[Result "1-0"]
[BlackElo "1652"]
[WhiteElo "2006"]
[LiveChessVersion "1.4.8"]

1. Nf3 {[%clk 1:30:56]} d5 {[%clk 1:30:39]} 2. g3 {[%clk 1:31:06]} c5
{[%clk 1:30:25]} 3. Bg2 {[%clk 1:31:15]} Nc6 {[%clk 1:30:25]} 4. d4
{[%clk 1:30:37]} Nf6 {[%clk 1:29:52]} 5. O-O {[%clk 1:30:12]} Bf5
{[%clk 1:26:21]} 6. c4 {[%clk 1:29:12]} dxc4 {[%clk 1:21:38]} 7. dxc5
{[%clk 1:25:17]} e6 {[%clk 1:16:59]} 8. Qa4 {[%clk 1:16:53]} Bxc5
{[%clk 1:10:18]} 9. Ne5 {[%clk 1:13:46]} O-O {[%clk 1:07:15]} 10. Nxc6
{[%clk 1:12:29]} bxc6 {[%clk 1:07:28]} 11. Nc3 {[%clk 1:03:46]} Nd5
{[%clk 1:01:43]} 12. Qxc4 {[%clk 0:58:26]} Nxc3 {[%clk 1:01:27]} 13. bxc3
{[%clk 0:52:52]} Qb6 {[%clk 0:58:56]} 14. e4 {[%clk 0:47:04]} Bg6
{[%clk 0:56:46]} 15. Bf4 {[%clk 0:43:52]} Rfd8 {[%clk 0:54:50]} 16. Rab1
{[%clk 0:37:06]} Qa5 {[%clk 0:45:47]} 17. Kh1 {[%clk 0:29:31]} Bd6
{[%clk 0:43:26]} 18. Be3 {[%clk 0:24:31]} Rab8 {[%clk 0:40:31]} 19. f4
{[%clk 0:22:16]} c5 {[%clk 0:35:37]} 20. Rxb8 {[%clk 0:19:51]} Rxb8
{[%clk 0:35:46]} 21. f5 {[%clk 0:19:13]} exf5 {[%clk 0:34:49]} 22. exf5
{[%clk 0:19:26]} Bh5 {[%clk 0:34:50]} 23. g4 {[%clk 0:18:47]} Bxg4
{[%clk 0:34:01]} 24. Qxg4 {[%clk 0:19:12]} Qxc3 {[%clk 0:34:03]} 25. f6
{[%clk 0:19:05]} g6 {[%clk 0:33:43]} 26. Qd7 {[%clk 0:17:41]} Be5
{[%clk 0:27:52]} 27. Bd5 {[%clk 0:15:44]} Rf8 {[%clk 0:27:12]} 28. Bh6
{[%clk 0:14:58]} Qb2 {[%clk 0:25:46]} 29. Bxf7+ {[%clk 0:14:58]} 1-0

[Event "EYCC 2024 - O10"]
[Site "?"]
[Date "2024.08.22"]
[Round "1.6"]
[White "Krajnc, Maksim"]
[Black "Kolodziejczyk, Boris"]
[Result "0-1"]
[BlackElo "1983"]
[WhiteElo "1651"]
[LiveChessVersion "1.4.8"]

1. e4 {[%clk 1:30:59]} c5 {[%clk 1:30:47]} 2. Nf3 {[%clk 1:31:24]} Nc6
{[%clk 1:31:08]} 3. c4 {[%clk 1:31:38]} g6 {[%clk 1:29:05]} 4. d4
{[%clk 1:32:04]} cxd4 {[%clk 1:29:28]} 5. Nxd4 {[%clk 1:32:33]} Bg7
{[%clk 1:29:47]} 6. Be3 {[%clk 1:32:55]} Nf6 {[%clk 1:30:11]} 7. Nc3
{[%clk 1:33:19]} Ng4 {[%clk 1:30:07]} 8. Nxc6 {[%clk 1:31:47]} Nxe3
{[%clk 1:30:18]} 9. Nxd8 {[%clk 1:32:03]} Nxd1 {[%clk 1:30:33]} 10. Nxd1
{[%clk 1:31:49]} Kxd8 {[%clk 1:30:51]} 11. Kd2 {[%clk 1:32:00]} d6
{[%clk 1:29:24]} 12. Nc3 {[%clk 1:30:24]} b6 {[%clk 1:24:51]} 13. Rc1
{[%clk 1:26:32]} Bh6+ {[%clk 1:23:21]} 14. Kd1 {[%clk 1:26:09]} Bxc1
{[%clk 1:23:02]} 15. Kxc1 {[%clk 1:26:38]} Bb7 {[%clk 1:19:19]} 16. Bd3
{[%clk 1:25:13]} Rc8 {[%clk 1:18:43]} 17. Kd2 {[%clk 1:22:26]} Kd7
{[%clk 1:14:13]} 18. Ke3 {[%clk 1:15:49]} Rhd8 {[%clk 1:12:34]} 19. Rd1
{[%clk 1:09:54]} Ke8 {[%clk 1:10:30]} 20. b3 {[%clk 0:58:38]} e6 {[%clk 1:08:58]}
21. Bb1 {[%clk 0:49:39]} a6 {[%clk 1:03:29]} 22. h3 {[%clk 0:36:49]} b5
{[%clk 1:01:39]} 23. Kd4 {[%clk 0:22:38]} b4 {[%clk 0:55:24]} 24. Na4
{[%clk 0:18:44]} Bc6 {[%clk 0:55:13]} 25. Nb2 {[%clk 0:17:21]} d5
{[%clk 0:54:58]} 26. cxd5 {[%clk 0:15:56]} Bxd5 {[%clk 0:49:54]} 27. Ke3
{[%clk 0:11:39]} Bc6 {[%clk 0:49:13]} 28. Bd3 {[%clk 0:09:31]} a5
{[%clk 0:48:16]} 29. Nc4 {[%clk 0:07:26]} Bb5 {[%clk 0:44:02]} 30. Nd6+
{[%clk 0:06:15]} Rxd6 {[%clk 0:44:30]} 31. Bxb5+ {[%clk 0:06:36]} Ke7
{[%clk 0:44:56]} 32. Rxd6 {[%clk 0:06:04]} Kxd6 {[%clk 0:45:25]} 33. Bc4
{[%clk 0:04:57]} Rxc4 {[%clk 0:44:46]} 34. bxc4 {[%clk 0:05:21]} Kc5
{[%clk 0:45:11]} 35. Kd3 {[%clk 0:05:40]} a4 {[%clk 0:45:38]} 36. f3
{[%clk 0:05:27]} e5 {[%clk 0:45:09]} 37. h4 {[%clk 0:04:36]} h6 {[%clk 0:44:53]}
38. g3 {[%clk 0:03:44]} g5 {[%clk 0:45:09]} 39. h5 {[%clk 0:03:36]} f6
{[%clk 0:45:31]} 40. g4 {[%clk 0:03:07]} a3 {[%clk 0:45:55]} 41. Kc2
{[%clk 0:02:57]} Kxc4 {[%clk 0:46:22]} 42. Kb1 {[%clk 0:02:55]} b3
{[%clk 0:46:27]} 43. axb3+ {[%clk 0:03:03]} Kxb3 {[%clk 0:46:55]} 44. Ka1
{[%clk 0:03:22]} a2 {[%clk 0:47:05]} 45. f4 {[%clk 0:03:46]} exf4
{[%clk 0:47:34]} 46. e5 {[%clk 0:03:57]} f3 {[%clk 0:48:04]} 47. exf6
{[%clk 0:04:12]} f2 {[%clk 0:48:31]} 48. f7 {[%clk 0:04:33]} f1=Q#
{[%clk 0:48:55]} 0-1

[Event "EYCC 2024 - O10"]
[Site "?"]
[Date "2024.08.22"]
[Round "1.7"]
[White "Wu, Chenshan"]
[Black "Kalonomos, Ioannis"]
[Result "1-0"]
[BlackElo "1644"]
[WhiteElo "1976"]
[LiveChessVersion "1.4.8"]

1. d4 {[%clk 1:30:58]} d5 {[%clk 1:30:55]} 2. c4 {[%clk 1:31:24]} e6
{[%clk 1:31:22]} 3. Nc3 {[%clk 1:31:48]} h6 {[%clk 1:31:46]} 4. cxd5
{[%clk 1:32:03]} exd5 {[%clk 1:32:09]} 5. Bf4 {[%clk 1:32:28]} Nf6
{[%clk 1:32:28]} 6. e3 {[%clk 1:32:46]} Bd6 {[%clk 1:32:15]} 7. Bxd6
{[%clk 1:32:43]} Qxd6 {[%clk 1:32:36]} 8. Bd3 {[%clk 1:33:04]} c6
{[%clk 1:32:19]} 9. Nge2 {[%clk 1:33:15]} O-O {[%clk 1:32:01]} 10. O-O
{[%clk 1:32:23]} Re8 {[%clk 1:31:27]} 11. Rb1 {[%clk 1:31:53]} a6
{[%clk 1:31:21]} 12. b4 {[%clk 1:31:45]} Nbd7 {[%clk 1:31:02]} 13. a4
{[%clk 1:30:55]} b5 {[%clk 1:29:46]} 14. a5 {[%clk 1:24:48]} Ne4 {[%clk 1:27:29]}
15. Nxe4 {[%clk 1:10:33]} dxe4 {[%clk 1:27:53]} 16. Bc2 {[%clk 1:10:52]} Nf6
{[%clk 1:25:31]} 17. Bb3 {[%clk 1:03:27]} Nd5 {[%clk 1:23:19]} 18. Bxd5
{[%clk 1:00:26]} cxd5 {[%clk 1:23:09]} 19. Qd2 {[%clk 1:00:27]} Bf5
{[%clk 1:19:42]} 20. Rfc1 {[%clk 0:59:58]} Rac8 {[%clk 1:19:21]} 21. Rc5
{[%clk 1:00:02]} g5 {[%clk 1:18:03]} 22. Rbc1 {[%clk 0:58:30]} Bd7
{[%clk 0:59:13]} 23. Nc3 {[%clk 0:49:47]} Be6 {[%clk 0:58:18]} 24. Nxd5
{[%clk 0:47:22]} Rxc5 {[%clk 0:35:24]} 25. Nf6+ {[%clk 0:46:55]} Kf8
{[%clk 0:34:04]} 26. bxc5 {[%clk 0:46:58]} 1-0

[Event "EYCC 2024 - O10"]
[Site "?"]
[Date "2024.08.22"]
[Round "1.8"]
[White "Ronin, Ilan"]
[Black "Pasula, Milos"]
[Result "0-1"]
[BlackElo "1974"]
[WhiteElo "1644"]
[LiveChessVersion "1.4.8"]

1. e4 {[%clk 1:30:58]} c6 {[%clk 1:30:52]} 2. d4 {[%clk 1:31:15]} d5
{[%clk 1:31:15]} 3. e5 {[%clk 1:31:24]} Bf5 {[%clk 1:31:39]} 4. h4
{[%clk 1:31:33]} h5 {[%clk 1:32:03]} 5. Bd3 {[%clk 1:31:38]} Bxd3
{[%clk 1:32:26]} 6. Qxd3 {[%clk 1:31:52]} e6 {[%clk 1:32:48]} 7. Bg5
{[%clk 1:31:45]} Qb6 {[%clk 1:33:10]} 8. Nd2 {[%clk 1:31:23]} c5 {[%clk 1:33:27]}
9. c3 {[%clk 1:25:25]} Nc6 {[%clk 1:33:21]} 10. Ngf3 {[%clk 1:25:13]} Nh6
{[%clk 1:33:16]} 11. Bxh6 {[%clk 1:24:07]} Rxh6 {[%clk 1:33:36]} 12. O-O
{[%clk 1:24:15]} Be7 {[%clk 1:33:56]} 13. dxc5 {[%clk 1:23:41]} Qxc5
{[%clk 1:33:30]} 14. b4 {[%clk 1:22:31]} Qb6 {[%clk 1:33:09]} 15. a3
{[%clk 1:21:34]} Rd8 {[%clk 1:31:13]} 16. Rad1 {[%clk 1:20:32]} Rg6
{[%clk 1:31:07]} 17. Rfe1 {[%clk 1:14:59]} Kf8 {[%clk 1:30:03]} 18. c4
{[%clk 1:12:24]} dxc4 {[%clk 1:29:19]} 19. Qxc4 {[%clk 1:12:15]} Rg4
{[%clk 1:26:41]} 20. Qc2 {[%clk 1:08:15]} Kg8 {[%clk 1:26:40]} 21. Re4
{[%clk 1:07:35]} Rd5 {[%clk 1:23:53]} 22. Nc4 Qd8 {[%clk 1:20:54]} 23. Rde1
{[%clk 1:01:26]} Nd4 {[%clk 1:19:26]} 24. Nxd4 {[%clk 0:59:41]} Rxd4
{[%clk 1:15:44]} 25. Rxd4 {[%clk 0:59:16]} Rxd4 {[%clk 1:15:19]} 26. Re4
{[%clk 0:57:27]} b6 {[%clk 1:07:23]} 27. g3 {[%clk 0:56:24]} Rd1+
{[%clk 1:05:28]} 28. Kh2 {[%clk 0:53:46]} Qd3 {[%clk 1:02:50]} 29. Qxd3
{[%clk 0:52:04]} Rxd3 {[%clk 1:03:19]} 30. Re3 {[%clk 0:51:07]} Rxe3
{[%clk 1:03:06]} 31. Nxe3 {[%clk 0:51:12]} Kf8 {[%clk 1:01:01]} 32. Kg2
{[%clk 0:51:12]} Ke8 {[%clk 1:01:15]} 33. Kf3 {[%clk 0:50:56]} Kd7
{[%clk 1:01:40]} 34. Ke4 {[%clk 0:49:34]} Kc6 {[%clk 1:01:26]} 35. Kd4
{[%clk 0:47:38]} a5 {[%clk 0:56:22]} 36. Nc2 {[%clk 0:46:01]} axb4
{[%clk 0:55:02]} 37. axb4 {[%clk 0:45:33]} Kb5 {[%clk 0:55:25]} 38. Kc3
{[%clk 0:45:20]} Ka4 {[%clk 0:55:40]} 39. f4 {[%clk 0:44:05]} g6 {[%clk 0:55:32]}
40. Kc4 {[%clk 0:39:13]} b5+ {[%clk 0:55:42]} 41. Kc3 {[%clk 0:38:05]} Bf8
{[%clk 0:56:10]} 42. Nd4 {[%clk 0:36:16]} Bxb4+ {[%clk 0:56:14]} 43. Kb2
{[%clk 0:36:11]} Be1 {[%clk 0:56:32]} 44. Ne2 {[%clk 0:35:55]} b4
{[%clk 0:56:58]} 45. Ka2 {[%clk 0:35:52]} b3+ {[%clk 0:57:16]} 0-1

[Event "EYCC 2024 - O10"]
[Site "?"]
[Date "2024.08.22"]
[Round "1.9"]
[White "Li, Yunqi"]
[Black "Fajks, Julian"]
[Result "1-0"]
[BlackElo "1640"]
[WhiteElo "1968"]
[LiveChessVersion "1.4.8"]

1. d4 {[%clk 1:30:57]} Nf6 {[%clk 1:30:37]} 2. Nf3 {[%clk 1:31:18]} e6
{[%clk 1:30:34]} 3. Bg5 {[%clk 1:31:23]} c5 {[%clk 1:28:42]} 4. e3
{[%clk 1:31:34]} Qb6 {[%clk 1:18:41]} 5. Qc1 {[%clk 1:21:37]} Ne4
{[%clk 1:16:08]} 6. Bf4 {[%clk 1:21:29]} Nc6 {[%clk 1:08:59]} 7. c3
{[%clk 1:21:28]} a5 {[%clk 1:03:16]} 8. Bd3 {[%clk 1:20:16]} Nf6 {[%clk 1:02:54]}
9. Nbd2 {[%clk 1:19:41]} d5 {[%clk 1:02:57]} 10. Ne5 {[%clk 1:18:02]} Nh5
{[%clk 0:59:24]} 11. Bg3 {[%clk 1:14:31]} Nxg3 {[%clk 0:59:09]} 12. hxg3
{[%clk 1:14:45]} Nxe5 {[%clk 0:59:23]} 13. dxe5 {[%clk 1:15:06]} h6
{[%clk 0:59:25]} 14. Bc2 {[%clk 1:14:28]} Bd7 {[%clk 0:58:12]} 15. O-O
{[%clk 1:13:40]} Be7 {[%clk 0:57:55]} 16. Nf3 {[%clk 1:13:19]} Bb5
{[%clk 0:55:07]} 17. Re1 {[%clk 1:13:18]} O-O {[%clk 0:55:05]} 18. Qd2
{[%clk 1:09:25]} Rfd8 {[%clk 0:50:47]} 19. Rad1 {[%clk 1:08:26]} a4
{[%clk 0:48:42]} 20. Bb1 {[%clk 1:01:35]} Bc4 {[%clk 0:45:58]} 21. Qc2
{[%clk 1:01:07]} g6 {[%clk 0:45:57]} 22. Qc1 {[%clk 0:56:21]} Kg7
{[%clk 0:43:35]} 23. Rd2 {[%clk 0:55:04]} Qa5 {[%clk 0:38:58]} 24. Red1
{[%clk 0:47:29]} Rac8 {[%clk 0:33:14]} 25. Re1 {[%clk 0:44:46]} b5
{[%clk 0:31:40]} 26. a3 {[%clk 0:38:44]} b4 {[%clk 0:30:31]} 27. axb4
{[%clk 0:38:11]} cxb4 {[%clk 0:30:48]} 28. Nd4 {[%clk 0:35:33]} bxc3
{[%clk 0:30:38]} 29. bxc3 {[%clk 0:35:29]} Ba6 {[%clk 0:28:45]} 30. Nxe6+
{[%clk 0:31:04]} fxe6 {[%clk 0:19:48]} 31. Qc2 {[%clk 0:31:22]} Rg8
{[%clk 0:18:07]} 32. Qxg6+ {[%clk 0:31:31]} Kf8 {[%clk 0:18:26]} 33. Qxh6+
{[%clk 0:31:50]} Kf7 {[%clk 0:17:43]} 34. Rd4 {[%clk 0:24:59]} Rc4
{[%clk 0:18:02]} 35. Qh7+ {[%clk 0:25:05]} Kf8 {[%clk 0:18:15]} 36. Qh6+
{[%clk 0:25:10]} Kf7 {[%clk 0:15:46]} 37. Red1 {[%clk 0:20:31]} Qb6
{[%clk 0:14:07]} 38. Rxd5 {[%clk 0:19:00]} Qc6 {[%clk 0:10:47]} 39. Qh7+
{[%clk 0:18:29]} Rg7 {[%clk 0:10:46]} 40. Bg6+ {[%clk 0:18:45]} Kf8
{[%clk 0:10:59]} 41. Qh8+ {[%clk 0:19:07]} Rg8 {[%clk 0:10:50]} 42. Rd8+
{[%clk 0:19:33]} Bxd8 {[%clk 0:10:29]} 43. Rxd8+ {[%clk 0:19:56]} Ke7
{[%clk 0:10:19]} 44. Qf6# {[%clk 0:20:19]} 1-0